| 000 | 00399ntaaa2200169 4500 | ||
|---|---|---|---|
| 003 | 01 | ||
| 005 | 20251027203254.0 | ||
| 008 | 0714s1973 ag 01 | ||
| 040 |
_aAR-BaBN _bspa _cAR-BaBN _eaacr _dRIC |
||
| 082 | _a189 D91t | ||
| 100 |
_aDuns Scoto, John _935592 |
||
| 245 |
_aTratado del Primer Pricipio / _cDuns Scoto |
||
| 250 | _a4ª | ||
| 260 |
_aCórdoba, _c1974 |
||
| 300 | _a113p | ||
| 942 | _cBK | ||
| 999 |
_c28194 _d28194 |
||